• 首页
  • 本馆介绍
  • 公告通知
  • 最新文献
  • 馆藏检索
  • 电子资源
  • 读者导购
  • 参考咨询
  • 我的图书馆
  • 登录
  • 详细信息显示
  • 放入我的书架
  • 预约/预借图书
  • 作者相关作品
  • 分类相关作品
  • 丛书相关作品
  • 出版社相关作品

书目信息

  • 表格格式
  • 工作单格式
  • 卡片格式
题名:
美丽月亮
    
 
作者: 张元东 编著
分册:  
出版信息: 北京   中国青年出版社  2006
页数: 337页
开本: 28cm
丛书名:
单 册:
中图分类: P184-49
科图分类:
主题词: 太阳系
电子资源:
ISBN: 7-5006-6639-X
000 00521nam0 2200181 450
001 0736196517
005 20070924100316.51
010    @a7-5006-6639-X@d¥38.00
100    @a20070924d km y0chiy0120 ea
101 0  @achi
200 1  @a美丽月亮@Amei li yue liang@f张元东 编著@Fzhang yuan dong bian zhu
210    @a北京@c中国青年出版社@d2006
215    @a337页@c插图@d28cm
606 0  @a太阳系
690    @aP184-49@v3
701  0 @a张元东@Azhang yuan dong@4编著
801  0 @aCN@bPFT@c20070924
905    @a213230@dP184-49@eZY25@f1
    
    美丽月亮/张元东 编著.-北京:中国青年出版社,2006
    337页:插图;28cm
    
    
    ISBN 7-5006-6639-X:¥38.00
    
●
相关链接 在E读中查询图书 在五车中查询图书 在当当中查询图书 在豆瓣中查询图书


正题名:美丽月亮     索取号:P184-49/ZY25         预约/预借

序号 登录号 条形码 馆藏地/架位号 状态 备注
1 7900615   279006157   密集书库-资源管理系/ [索取号:P184-49/ZY25] 在馆    
唐山师范学院图书馆 欢迎您!
大连网信软件有限公司© 版权所有